[Event "World Blitz 2016"]
[Site "Doha QAT"]
[Date "2016.12.30"]
[Round "19.21"]
[White "Vitiugov, Nikita"]
[Black "Dreev, Aleksey"]
[Result "1-0"]
[WhiteTitle "GM"]
[BlackTitle "GM"]
[WhiteElo "2726"]
[BlackElo "2652"]
[WhiteFideId "4152956"]
[BlackFideId "4100107"]
[EventDate "2016.12.29"]

1. Nf3 d5 2. g3 c6 3. Bg2 Bg4 4. h3 Bh5 5. O-O e6 6. d4 Nf6 7. c4 Be7 8. Nc3
dxc4 9. Ne5 Nbd7 10. Nxc4 O-O 11. Qb3 Nb6 12. Na5 Qd7 13. Rd1 Nfd5 14. g4 Bg6
15. e4 Nxc3 16. bxc3 f6 17. c4 Qc7 18. c5 Nc8 19. Qxb7 Qxa5 20. Qxa8 Qa4 21. Bf4
e5 22. dxe5 fxe5 23. Bxe5 Bxc5 24. Qb7 Ne7 25. Qb3+ 1-0

[Event "World Blitz 2016"]
[Site "Doha QAT"]
[Date "2016.12.30"]
[Round "19.22"]
[White "Lalith, Babu M R"]
[Black "Khusnutdinov, Rustam"]
[Result "0-1"]
[WhiteTitle "GM"]
[BlackTitle "GM"]
[WhiteElo "2587"]
[BlackElo "2458"]
[WhiteFideId "5024595"]
[BlackFideId "13701703"]
[EventDate "2016.12.29"]

1. Nf3 c5 2. c4 Nc6 3. d4 cxd4 4. Nxd4 Nf6 5. Nc3 e6 6. g3 Qb6 7. Nb3 Ne5 8. Bg2
a6 9. O-O d6 10. Bf4 Ng6 11. Be3 Qc7 12. Rc1 Be7 13. Na4 O-O 14. Qd2 Bd7 15. Nb6
Rad8 16. Rfd1 Ng4 17. Nxd7 Rxd7 18. Bd4 Rc8 19. h3 N4e5 20. Qe1 Qb8 21. c5 d5
22. e4 Nc6 23. exd5 exd5 24. h4 Re8 25. Qf1 Nf8 26. Be3 Qd8 27. Bh3 Ne6 28. Nd4
Ncxd4 29. Bxd4 Rc7 30. b4 Nxd4 31. Rxd4 Bf6 32. Rd3 d4 33. Bg2 g6 34. Qd1 Rce7
35. Qf3 Bg7 36. Rcd1 h5 37. R3d2 Qc7 38. a3 Qd7 39. Rc2 Qa4 40. Qd3 Re1+ 41.
Rxe1 Rxe1+ 42. Kh2 Ra1 43. c6 bxc6 44. Bxc6 Qxa3 45. Qe4 d3 46. Rd2 Qc1 47. Rxd3
Qg1+ 48. Kh3 Qxf2 49. Qf3 Qxf3 50. Bxf3 Rb1 51. Ra3 Rxb4 52. Rxa6 Rb3 53. Kg2
Rb2+ 54. Kh3 Rd2 55. Ra8+ Kh7 56. Ra7 Kg8 57. Re7 Rd3 58. Kg2 Bf6 59. Re8+ Kg7
60. Re2 Ra3 61. Rd2 Be5 62. Re2 Kf6 63. Rf2 Ke7 64. Re2 Kd6 65. Rd2+ Ke7 66. Re2
f6 67. Rc2 Kd6 68. Rd2+ Ke6 69. Re2 Kf7 70. Bd5+ Kg7 71. Bf3 Ra5 72. Rd2 Kh6 73.
Rc2 Ra3 74. Re2 Rc3 75. Rd2 Rb3 76. Rc2 Ra3 77. Re2 Ra5 78. Rc2 Rb5 79. Rd2 Rb3
80. Rc2 Ra3 81. Rd2 g5 82. hxg5+ fxg5 83. Re2 Ra5 84. Rc2 g4 85. Rc6+ Kg7 86.
Be4 Ra2+ 87. Bc2 Ra3 88. Rg6+ Kf7 89. Rg5 Ke6 90. Rxh5 Ra2 91. Rh6+ Bf6 0-1

[Event "World Blitz 2016"]
[Site "Doha QAT"]
[Date "2016.12.30"]
[Round "19.24"]
[White "Najer, Evgeniy"]
[Black "Pantsulaia, Levan"]
[Result "0-1"]
[WhiteTitle "GM"]
[BlackTitle "GM"]
[WhiteElo "2679"]
[BlackElo "2607"]
[WhiteFideId "4118987"]
[BlackFideId "13602071"]
[EventDate "2016.12.29"]

1. e4 c6 2. d4 d5 3. e5 Bf5 4. Nf3 e6 5. Be2 Nd7 6. O-O Nh6 7. c3 Be7 8. Bxh6
gxh6 9. Nbd2 O-O 10. Ne1 Qb6 11. Bd3 Bg6 12. b4 a5 13. a3 axb4 14. axb4 Rxa1 15.
Qxa1 f6 16. exf6 Bxf6 17. Qb1 Kg7 18. Nb3 e5 19. dxe5 Bxe5 20. Qc2 Qd8 21. Bxg6
hxg6 22. Nd3 Bd6 23. Nd4 Re8 24. f4 Qf6 25. f5 Nf8 26. Nc5 b6 27. Nd3 c5 28.
bxc5 bxc5 29. Nb5 Bb8 30. c4 Qh4 31. g3 Bxg3 32. f6+ Kh7 33. f7 Re3 34. cxd5
Rxd3 35. Nc7 0-1

[Event "World Blitz 2016"]
[Site "Doha QAT"]
[Date "2016.12.30"]
[Round "19.25"]
[White "Maghsoodloo, Parham"]
[Black "Al-Sayed, Mohammed"]
[Result "1-0"]
[WhiteTitle "GM"]
[BlackTitle "GM"]
[WhiteElo "2584"]
[BlackElo "2508"]
[WhiteFideId "12539929"]
[BlackFideId "12100196"]
[EventDate "2016.12.29"]

1. d4 d5 2. c4 c6 3. Nf3 Nf6 4. e3 Bg4 5. Nc3 e6 6. h3 Bh5 7. g4 Bg6 8. Ne5 Nfd7
9. Nxg6 hxg6 10. Qb3 Qb6 11. Bd2 Nf6 12. f3 Nbd7 13. O-O-O Qxb3 14. axb3 Bb4 15.
Kc2 a6 16. Bd3 Rc8 17. Kb1 Bd6 18. e4 dxe4 19. fxe4 e5 20. d5 Bc5 21. Ne2 Ke7
22. b4 Ba7 23. g5 Ne8 24. c5 a5 25. Rc1 cxd5 26. exd5 axb4 27. c6 bxc6 28. dxc6
Nb8 29. Bxb4+ Nd6 30. c7 Nd7 31. Rc6 Nc5 32. Bxc5 Bxc5 33. Rxc5 Kd7 34. Rhc1 Ra8
35. Nc3 Rxh3 36. Nd5 Rah8 37. Nb6+ Ke6 38. Ba6 Rb3 39. Rc6 Ke7 40. Rd1 1-0

[Event "World Blitz 2016"]
[Site "Doha QAT"]
[Date "2016.12.30"]
[Round "19.26"]
[White "Jumabayev, Rinat"]
[Black "Amonatov, Farrukh"]
[Result "0-1"]
[WhiteTitle "GM"]
[BlackTitle "GM"]
[WhiteElo "2611"]
[BlackElo "2620"]
[WhiteFideId "13702661"]
[BlackFideId "14700077"]
[EventDate "2016.12.29"]

1. Nf3 Nf6 2. c4 g6 3. Nc3 Bg7 4. e4 d6 5. d4 O-O 6. Be2 e5 7. O-O Nbd7 8. Be3
Ng4 9. Bg5 f6 10. Bc1 Nh6 11. dxe5 dxe5 12. h3 Nf7 13. a3 c6 14. b4 Qe7 15. Be3
Rd8 16. Qc2 Nf8 17. Rad1 Be6 18. c5 f5 19. Bc1 f4 20. Rxd8 Rxd8 21. Rd1 h5 22.
Bb2 Nd7 23. Nb1 g5 24. Bc4 Bxc4 25. Qxc4 g4 26. hxg4 hxg4 27. Nh2 Nf6 28. Rxd8+
Qxd8 29. Qe2 Qd7 30. Nd2 a5 31. Nc4 axb4 32. axb4 Qe6 33. Qd3 Bf8 34. Bc3 Be7
35. Kf1 Nd7 36. Na5 Nf6 37. Nc4 Bf8 38. Ke1 Qe8 39. Qe2 Qd7 40. Nxe5 Qe6 41.
Nxf7 Kxf7 42. Bxf6 Qxf6 43. Qc4+ Kg7 44. Nxg4 Qa1+ 45. Ke2 Qb2+ 46. Kf3 Be7 47.
Kxf4 Qd2+ 48. Kf3 Bg5 49. g3 Qd1+ 50. Qe2 Qh1# 0-1

[Event "World Blitz 2016"]
[Site "Doha QAT"]
[Date "2016.12.30"]
[Round "19.27"]
[White "Bortnyk, Olexandr"]
[Black "Flores, Diego"]
[Result "1-0"]
[WhiteTitle "GM"]
[BlackTitle "GM"]
[WhiteElo "2581"]
[BlackElo "2579"]
[WhiteFideId "14120828"]
[BlackFideId "108049"]
[EventDate "2016.12.29"]

1. e4 c5 2. Nf3 e6 3. Nc3 a6 4. g3 b5 5. Bg2 Bb7 6. d3 d6 7. O-O Nd7 8. Qe2 Be7
9. Bd2 Ngf6 10. Ng5 Qc7 11. f4 O-O 12. Rae1 b4 13. Nd1 Rfe8 14. e5 Bxg2 15. Kxg2
Nd5 16. exd6 Qxd6 17. Qh5 Bxg5 18. fxg5 Rf8 19. Nf2 Qc6 20. Kg1 f5 21. g6 hxg6
22. Qxg6 Rae8 23. Nh3 N7f6 24. Bf4 Ne7 25. Qg5 Nh7 26. Qh4 Ng6 27. Qh5 Nxf4 28.
Rxf4 Nf6 29. Qg6 Nh7 30. Rh4 Nf6 31. Ng5 Qd7 32. b3 e5 33. Rf1 f4 34. gxf4 e4
35. Nxe4 Nxe4 36. dxe4 Qd4+ 37. Rf2 Rxe4 38. Qh7+ Kf7 39. Qf5+ Ke7 40. Qg5+ Kd7
41. Kg2 Re3 42. Qg4+ Kc7 43. Rh3 Qe4+ 44. Rhf3 Rf7 45. Kg3 Re1 46. h3 Rg1+ 47.
Rg2 Qe1+ 48. Rf2 Qe3+ 49. Kh2 Re1 50. Qg3 Qc1 51. f5+ Kb7 52. Qf3+ Ka7 53. Rg6
Qb2 54. Qc6 Qe5+ 55. Kg2 Qe4+ 56. Qxe4 Rxe4 57. Kg3 c4 58. Rg4 Re3+ 59. Kg2 Rc7
60. bxc4 Rc3 61. h4 R3xc4 62. Rxc4 Rxc4 63. Kg3 Kb6 64. h5 Kc7 65. h6 gxh6 66.
f6 Rc3+ 67. Kh2 1-0

[Event "World Blitz 2016"]
[Site "Doha QAT"]
[Date "2016.12.30"]
[Round "19.28"]
[White "Fressinet, Laurent"]
[Black "Adly, Ahmed"]
[Result "0-1"]
[WhiteTitle "GM"]
[BlackTitle "GM"]
[WhiteElo "2672"]
[BlackElo "2599"]
[WhiteFideId "608742"]
[BlackFideId "10601619"]
[EventDate "2016.12.29"]

1. Nf3 d5 2. g3 Nf6 3. Bg2 e6 4. O-O b6 5. d3 Bb7 6. e4 dxe4 7. Nfd2 Nbd7 8.
dxe4 e5 9. Nc3 Be7 10. Nd5 O-O 11. a4 Nxd5 12. exd5 Bd6 13. a5 f5 14. a6 Bc8 15.
Nc4 Nc5 16. Be3 Bxa6 17. Qe2 Bb5 18. b3 Nd7 19. f4 Qe7 20. Rae1 e4 21. g4 Nf6
22. gxf5 Nxd5 23. Bd2 Nf6 24. Bc3 Rae8 25. Kh1 Bb4 26. Qd2 Bxc3 27. Qxc3 Qc5 28.
Re3 Nd5 0-1

[Event "World Blitz 2016"]
[Site "Doha QAT"]
[Date "2016.12.30"]
[Round "19.29"]
[White "Grandelius, Nils"]
[Black "Banikas, Hristos"]
[Result "1-0"]
[WhiteTitle "GM"]
[BlackTitle "GM"]
[WhiteElo "2643"]
[BlackElo "2568"]
[WhiteFideId "1710400"]
[BlackFideId "4202031"]
[EventDate "2016.12.29"]

1. d4 Nf6 2. Nc3 d5 3. Bf4 g6 4. e3 Bg7 5. Nf3 O-O 6. Be2 Bg4 7. O-O c6 8. Ne5
Bxe2 9. Qxe2 Nfd7 10. Rad1 Qb6 11. b3 Qa5 12. Qd2 Nxe5 13. Bxe5 Bh6 14. Bf4 Bg7
15. Rfe1 Rd8 16. Be5 Bh6 17. Bf4 Bg7 18. a4 Nd7 19. Bg3 e5 20. Ne2 Qxd2 21. Rxd2
Re8 22. dxe5 Nxe5 23. Red1 f5 24. Kf1 Bf6 25. Nf4 Re7 26. Nd3 Nd7 27. Rb1 Bc3
28. Rdd1 Nf6 29. Bh4 Ree8 30. Bxf6 Bxf6 31. Nc5 Re7 32. g3 Rd8 33. b4 d4 34. c3
b6 35. Nb3 d3 36. Nd4 Ree8 37. Nxc6 Rc8 38. b5 Bxc3 39. Rxd3 Rc7 40. Rxc3 1-0

[Event "World Blitz 2016"]
[Site "Doha QAT"]
[Date "2016.12.30"]
[Round "19.31"]
[White "Ganguly, Surya Shekhar"]
[Black "Amin, Bassem"]
[Result "1-0"]
[WhiteTitle "GM"]
[BlackTitle "GM"]
[WhiteElo "2668"]
[BlackElo "2662"]
[WhiteFideId "5002150"]
[BlackFideId "10601457"]
[EventDate "2016.12.29"]

1. e4 e5 2. Nf3 Nc6 3. Bc4 Nf6 4. d3 h6 5. O-O d6 6. Re1 g6 7. d4 Bg4 8. c3 Bg7
9. d5 Ne7 10. Bf1 O-O 11. c4 Nd7 12. h3 Bxf3 13. Qxf3 f5 14. Nc3 a5 15. Qd1 Nf6
16. Bd3 f4 17. Rb1 h5 18. Be2 Bh6 19. a3 Qe8 20. b4 axb4 21. axb4 g5 22. c5 Qg6
23. f3 Rf7 24. Nb5 Nc8 25. Kh1 Rg7 26. Bb2 b6 27. cxd6 cxd6 28. Ra1 Rb8 29. Qc2
g4 30. Rg1 Kh7 31. Nc7 Qg5 32. Ne6 Qh4 33. Nxg7 Bxg7 34. Bf1 Qg3 35. Qe2 Ne7 36.
Bc3 Qh4 37. Be1 Qg5 38. Qc2 Rc8 39. Qd1 Ng6 40. Rc1 Ra8 41. Ra1 Rc8 42. Rc1 Ra8
43. Rc6 Bf8 44. Rxb6 Ra2 45. Qb1 Ra3 46. Ra6 Re3 47. Bf2 Nh4 48. Ra7+ Kg6 49.
Bxe3 1-0

[Event "World Blitz 2016"]
[Site "Doha QAT"]
[Date "2016.12.30"]
[Round "19.32"]
[White "Lu, Shanglei"]
[Black "Belyakov, Bogdan"]
[Result "1-0"]
[WhiteTitle "GM"]
[BlackTitle "IM"]
[WhiteElo "2627"]
[BlackElo "2487"]
[WhiteFideId "8603332"]
[BlackFideId "24104795"]
[EventDate "2016.12.29"]

1. e4 e5 2. Bc4 Nc6 3. Nf3 Bc5 4. O-O Nf6 5. d3 O-O 6. c3 d5 7. exd5 Nxd5 8. h3
Nb6 9. Bb5 Bd6 10. Re1 Bf5 11. Nbd2 a6 12. Bxc6 bxc6 13. Ne4 Bg6 14. Ng3 Re8 15.
Bg5 f6 16. Be3 Nd5 17. Qa4 Qd7 18. Rad1 Nxe3 19. Rxe3 Kh8 20. d4 exd4 21. Rxe8+
Rxe8 22. Nxd4 Bxg3 23. fxg3 Be4 24. Re1 Qd5 25. Qxa6 c5 26. Nf3 Ra8 27. Qe2 Bxf3
28. Qxf3 Qxa2 29. Qc6 h6 30. Kh2 Rb8 31. Qxc5 Qxb2 32. Qxc7 Ra8 33. Re7 Qc2 34.
Rxg7 Ra2 35. Qb7 Rb2 36. Rh7+ Qxh7 37. Qxb2 Qc7 38. Qd2 Kg7 39. Qd4 Kg6 40. c4
h5 41. Qf4 Qc5 42. Qe4+ Kg7 43. Qd5 Qc7 44. c5 h4 45. Qd6 hxg3+ 46. Qxg3+ 1-0

[Event "World Blitz 2016"]
[Site "Doha QAT"]
[Date "2016.12.30"]
[Round "19.34"]
[White "Svane, Rasmus"]
[Black "Mareco, Sandro"]
[Result "1-0"]
[WhiteTitle "GM"]
[BlackTitle "GM"]
[WhiteElo "2555"]
[BlackElo "2635"]
[WhiteFideId "4657101"]
[BlackFideId "112275"]
[EventDate "2016.12.29"]

1. Nf3 Nf6 2. c4 e6 3. Nc3 Bb4 4. Qc2 O-O 5. a3 Bxc3 6. Qxc3 d6 7. g3 e5 8. Bg2
Re8 9. b4 e4 10. Nd4 c5 11. Nc2 Nc6 12. Bb2 Ne5 13. Ne3 b6 14. O-O Bb7 15. d4
Nc6 16. Nc2 Qe7 17. Rad1 Rac8 18. d5 cxb4 19. axb4 Ne5 20. Ne3 Ba6 21. Bh3 Rc7
22. Ra1 Bxc4 23. Qd2 Bb5 24. Rfc1 g6 25. Rxc7 Qxc7 26. Rc1 Qe7 27. Bd4 h5 28.
Bg2 Nfg4 29. Nxg4 Nxg4 30. Qf4 Bxe2 31. h3 Ne5 32. Bxe4 Bd3 33. Bg2 Bf5 34. Kh2
Nd3 35. Qh6 f6 36. Rd1 Qg7 37. Qd2 Ne5 38. Re1 Qe7 39. f4 Nf3+ 40. Bxf3 Qxe1 41.
Qa2 Qe7 42. Qb2 Kf7 43. g4 hxg4 44. hxg4 Be4 45. Bd1 Bxd5 46. g5 fxg5 47. fxg5
Qxg5 48. Qf2+ Kg8 49. Bf6 Rf8 50. Bxg5 Rxf2+ 51. Kg3 Rf5 52. Be7 Bf7 53. Bf3 d5
54. Bd6 a5 55. b5 a4 56. Bg4 Rf1 57. Be2 Rb1 58. Kf4 d4 59. Ke4 d3 60. Bxd3 Rb3
61. Bc2 Rxb5 62. Bxa4 Rf5 63. Be5 Rf1 64. Bb5 Rb1 65. Bd3 Rb4+ 66. Ke3 g5 67.
Bf5 b5 68. Kf3 Bd5+ 69. Kg3 Ra4 70. Bd6 b4 71. Kg4 b3+ 72. Kxg5 Bf7 73. Kf6 b2
74. Be5 Ra6+ 75. Kg5 Ra5 76. Kf4 Rb5 77. Bb1 Bd5 1-0

[Event "World Blitz 2016"]
[Site "Doha QAT"]
[Date "2016.12.30"]
[Round "19.35"]
[White "Inarkiev, Ernesto"]
[Black "Adhiban, Baskaran"]
[Result "1-0"]
[WhiteTitle "GM"]
[BlackTitle "GM"]
[WhiteElo "2709"]
[BlackElo "2666"]
[WhiteFideId "4162722"]
[BlackFideId "5018471"]
[EventDate "2016.12.29"]

1. d4 Nf6 2. Nf3 g6 3. g3 Bg7 4. Bg2 O-O 5. O-O d6 6. c4 Nbd7 7. Nc3 e5 8. e4 c6
9. Re1 exd4 10. Nxd4 Ng4 11. Nc2 Nge5 12. Ne3 Nc5 13. Bf1 h5 14. Be2 a5 15. f4
Ng4 16. Nxg4 Bxg4 17. Bxg4 hxg4 18. Qxg4 Nd3 19. Re2 Qb6+ 20. Kg2 Qb4 21. Rd2
Nxc1 22. Rxc1 Qxc4 23. Qe2 Qxe2+ 24. Nxe2 Rfd8 25. Rcd1 Kf8 26. b3 Ke7 27. Nd4
a4 28. Nf3 axb3 29. axb3 Ra3 30. Rd3 Ra2+ 31. R1d2 Rda8 32. Rxd6 Bc3 33. Rd7+
Ke8 34. Rd8+ Ke7 35. Rxa8 Rxa8 36. Rc2 Bb4 37. Rc4 c5 38. Ne5 Ra2+ 39. Kh3 Rd2
40. Rc1 Re2 41. Nd3 Rxe4 42. Nxc5 Bxc5 43. Rxc5 Rb4 44. Rc3 Kf6 45. Kg4 b6 46.
Kf3 Ke6 47. Ke3 Kd5 48. Rd3+ Ke6 49. h3 f5 50. g4 fxg4 51. hxg4 g5 52. f5+ Ke5
53. Kf3 b5 54. Re3+ Kd5 55. Kg3 Rd4 56. f6 Kc5 57. f7 Rd8 58. Re8 1-0

[Event "World Blitz 2016"]
[Site "Doha QAT"]
[Date "2016.12.30"]
[Round "19.36"]
[White "Quparadze, Giga"]
[Black "Perez Ponsa, Federico"]
[Result "0-1"]
[WhiteTitle "IM"]
[BlackTitle "GM"]
[WhiteElo "2481"]
[BlackElo "2585"]
[WhiteFideId "13602250"]
[BlackFideId "117927"]
[EventDate "2016.12.29"]

1. e4 c6 2. d4 d5 3. f3 Qb6 4. a4 dxe4 5. a5 Qc7 6. fxe4 e5 7. Nf3 Bg4 8. Bc4
Nf6 9. O-O Nbd7 10. c3 Bd6 11. h3 Bh5 12. Bd3 O-O 13. Be3 c5 14. d5 c4 15. Bc2
Bc5 16. Qe2 Bxe3+ 17. Qxe3 Ne8 18. Nbd2 Nd6 19. Bd1 b5 20. Nxe5 Nxe5 21. Bxh5
Rae8 22. Qd4 Re7 23. Nf3 f6 24. Nxe5 Rxe5 25. Bf3 Rfe8 26. Rfd1 a6 27. Qb6 R5e7
28. Ra2 Ra8 29. Rda1 Kf8 30. Re1 Qxb6+ 31. axb6 Rb7 32. e5 fxe5 33. Rxe5 Rxb6
34. Bg4 Re8 35. Be6 g6 36. Re1 Kg7 37. Rea1 Ra8 38. Bd7 Ra7 39. Be6 Nb7 40. Bc8
Nc5 41. Rf1 Rd6 42. Rd1 Nd3 43. Be6 Nf4 44. Re1 Nxd5 45. Bxd5 Rxd5 46. Re6 Rd2
47. Rexa6 Rxa6 48. Rxa6 Rxb2 49. Rb6 h5 50. h4 Kf7 51. Kh2 Rb3 52. Kg1 Ke7 53.
Kf2 Kd7 54. Rxg6 Rxc3 55. Rg5 b4 56. Rxh5 b3 57. Rb5 Rc2+ 58. Kf3 b2 59. h5 c3
60. h6 Rc1 61. Rb7+ Ke6 62. h7 Rh1 63. Ke3 c2 64. Rb6+ Kd5 65. Rb5+ 0-1

[Event "World Blitz 2016"]
[Site "Doha QAT"]
[Date "2016.12.30"]
[Round "19.37"]
[White "Bologan, Victor"]
[Black "Kozul, Zdenko"]
[Result "1-0"]
[WhiteTitle "GM"]
[BlackTitle "GM"]
[WhiteElo "2640"]
[BlackElo "2613"]
[WhiteFideId "13900048"]
[BlackFideId "14502879"]
[EventDate "2016.12.29"]

1. d4 Nf6 2. c4 g6 3. Nc3 Bg7 4. e4 d6 5. Nge2 O-O 6. Ng3 e5 7. d5 c6 8. Be2
cxd5 9. cxd5 Nbd7 10. Be3 a5 11. O-O Nc5 12. f3 Bd7 13. Nh1 Qb8 14. a4 Rc8 15.
Nf2 h5 16. Bb5 Kh7 17. Nd3 b6 18. Nxc5 bxc5 19. Qd2 Rc7 20. b3 Rb7 21. Bc4 Ng8
22. Rab1 Qd8 23. f4 exf4 24. Bxf4 Qe7 25. e5 dxe5 26. d6 Qe8 27. Be3 f5 28. Bxc5
Nf6 29. Nd5 Nxd5 30. Bxd5 Bc6 31. Rfc1 Bxd5 32. Qxd5 Rab8 33. Rd1 Rd7 34. Ba3 e4
35. Rbc1 Qe5 36. Qxe5 Bxe5 37. Rc7 Rd8 38. Rxd7+ Rxd7 39. Rd5 Bc3 40. Kf1 e3 41.
Ke2 f4 42. Rc5 1-0

[Event "World Blitz 2016"]
[Site "Doha QAT"]
[Date "2016.12.30"]
[Round "19.38"]
[White "Borisek, Jure"]
[Black "Henriquez Villagra, Cristobal"]
[Result "1-0"]
[WhiteTitle "GM"]
[BlackTitle "IM"]
[WhiteElo "2561"]
[BlackElo "2517"]
[WhiteFideId "14603152"]
[BlackFideId "3409350"]
[EventDate "2016.12.29"]

1. e4 c5 2. Nf3 d6 3. Bb5+ Nd7 4. O-O Nf6 5. Re1 a6 6. Bd3 e6 7. c3 Be7 8. Bc2
b6 9. d4 cxd4 10. cxd4 Bb7 11. Nbd2 Rc8 12. Nf1 Qc7 13. Bd3 d5 14. e5 Ne4 15.
Ng3 Nxg3 16. hxg3 b5 17. g4 Nb6 18. g3 Nc4 19. Kg2 h6 20. Rh1 Kd7 21. b3 Na3 22.
Bd2 b4 23. Rc1 Qb6 24. Qe2 a5 25. Rxc8 Rxc8 26. g5 hxg5 27. Bxg5 Bxg5 28. Nxg5
Qxd4 29. Nxf7 Rc3 30. Rd1 Kc7 31. Nd6 Bc6 32. Bb5 Rc2 33. Rxd4 1-0

[Event "World Blitz 2016"]
[Site "Doha QAT"]
[Date "2016.12.30"]
[Round "19.39"]
[White "Anton Guijarro, David"]
[Black "Tari, Aryan"]
[Result "1-0"]
[WhiteTitle "GM"]
[BlackTitle "GM"]
[WhiteElo "2650"]
[BlackElo "2584"]
[WhiteFideId "2285525"]
[BlackFideId "1510045"]
[EventDate "2016.12.29"]

1. Nf3 d5 2. b3 Bg4 3. e3 Nd7 4. Bb2 Ngf6 5. d3 e6 6. Nbd2 Bd6 7. h3 Bh5 8. g4
Bg6 9. Nh4 O-O 10. g5 Ne8 11. Nxg6 fxg6 12. h4 Be5 13. d4 Bd6 14. f4 c5 15. c3
e5 16. dxe5 Nxe5 17. fxe5 Bxe5 18. Qg4 Qd6 19. O-O-O Qe7 20. Bg2 Nc7 21. Rhf1 b5
22. Kb1 Rfe8 23. e4 b4 24. c4 Bxb2 25. Kxb2 dxc4 26. Nxc4 Nb5 27. Rd7 Qe6 28.
Qxe6+ Rxe6 29. Rff7 1-0

[Event "World Blitz 2016"]
[Site "Doha QAT"]
[Date "2016.12.30"]
[Round "19.40"]
[White "Bindrich, Falko"]
[Black "Agdestein, Simen"]
[Result "1-0"]
[WhiteTitle "GM"]
[BlackTitle "GM"]
[WhiteElo "2590"]
[BlackElo "2602"]
[WhiteFideId "4676670"]
[BlackFideId "1500015"]
[EventDate "2016.12.29"]

1. d4 e6 2. Nf3 f5 3. g3 Nf6 4. Bg2 d5 5. O-O Bd6 6. c4 c6 7. b3 Qe7 8. Bb2 b6
9. Qc1 Bb7 10. Ba3 Nbd7 11. Bxd6 Qxd6 12. Qa3 c5 13. Nc3 O-O 14. Rfd1 f4 15.
Rac1 a6 16. Na4 fxg3 17. hxg3 Ne4 18. Nc3 Nef6 19. dxc5 bxc5 20. e4 d4 21. Rxd4
Qc7 22. Rd3 Ng4 23. Rf1 Nde5 24. Nxe5 Nxe5 25. Re3 g5 26. Qc1 g4 27. f4 gxf3 28.
Bxf3 Rf6 29. Bg2 Rg6 30. Qe1 Rd8 31. Nd5 exd5 32. exd5 Ng4 33. Re8+ 1-0

[Event "World Blitz 2016"]
[Site "Doha QAT"]
[Date "2016.12.30"]
[Round "19.41"]
[White "Ghaem Maghami, Ehsan"]
[Black "Salinas Herrera, Pablo"]
[Result "1-0"]
[WhiteTitle "GM"]
[BlackTitle "IM"]
[WhiteElo "2574"]
[BlackElo "2466"]
[WhiteFideId "12500739"]
[BlackFideId "3407128"]
[EventDate "2016.12.29"]

1. e4 c5 2. Nf3 d6 3. c3 Nf6 4. h3 g6 5. Bd3 Bg7 6. Bc2 O-O 7. O-O b6 8. d4 Bb7
9. Re1 e6 10. Bf4 d5 11. e5 Ne4 12. Nbd2 cxd4 13. Nxe4 dxe4 14. Nxd4 Na6 15.
Bxe4 Bxe4 16. Rxe4 Qd5 17. Re3 Rfd8 18. Qe2 Nc7 19. Nf3 Qa5 20. Re4 b5 21. a3
Nd5 22. Bg5 Rdc8 23. h4 Qb6 24. h5 a5 25. hxg6 hxg6 26. Nh2 Rc4 27. Ng4 Rac8 28.
Re1 Rxe4 29. Qxe4 Rc4 30. Qe2 Qc6 31. Bd2 Kf8 32. Qf3 Kg8 33. Re4 Rxe4 34. Qxe4
Qc5 35. g3 Qc7 36. Kg2 Qc6 37. Kg1 Qc7 38. Qd4 Bf8 39. Bg5 Bc5 40. Qd2 Qc6 41.
Bf6 Qb7 42. Qh6 1-0

[Event "World Blitz 2016"]
[Site "Doha QAT"]
[Date "2016.12.30"]
[Round "19.42"]
[White "Zhang, Zhong"]
[Black "Potapov, Pavel"]
[Result "1-0"]
[WhiteTitle "GM"]
[BlackTitle "GM"]
[WhiteElo "2645"]
[BlackElo "2493"]
[WhiteFideId "8600694"]
[BlackFideId "4169786"]
[EventDate "2016.12.29"]

1. e4 d5 2. exd5 Qxd5 3. Nc3 Qd6 4. d4 Nf6 5. Be3 g6 6. Qd2 Bg7 7. g3 c6 8. Bg2
O-O 9. Nf3 Nd5 10. Nxd5 cxd5 11. O-O Nc6 12. Bh6 Bg4 13. Bxg7 Kxg7 14. c3 Bxf3
15. Bxf3 e6 16. h4 h5 17. Rfe1 Rfe8 18. Kg2 a5 19. a4 Qd8 20. Be2 Qf6 21. Bb5
Rec8 22. Re3 Ne7 23. Rf3 Nf5 24. Bd3 Re8 25. Re1 b6 26. Re5 Qd8 27. Bxf5 gxf5
28. Qe2 Qd7 29. Qd1 Rh8 30. Re1 Rh6 31. Qb3 Qc7 32. Qb5 Rg6 33. Kf1 Rg4 34. Re5
Rg8 35. Ke1 Kh8 36. Kd2 Qd6 37. Kc2 Re4 38. Re3 Rxe3 39. Rxe3 f4 40. Re5 fxg3
41. Rxh5+ Kg7 42. fxg3 Kf6 43. Qf1+ Ke7 44. Rh7 Rf8 45. Qf3 Qc6 46. b3 b5 47.
axb5 Qxb5 48. Qd3 Qc6 49. Kb2 Rb8 50. Qf3 Qe8 51. g4 Rb7 52. g5 Kd6 53. g6 Qb5
54. c4 dxc4 55. gxf7 Qxb3+ 56. Qxb3 Rxb3+ 57. Kc2 Rf3 58. h5 Ke7 59. h6 Rxf7 60.
Rh8 Kf6 61. Kc3 Rc7 62. Ra8 Kg6 63. Ra6 Kxh6 64. Rxe6+ Kg7 65. d5 Kf7 66. Ra6
Ke7 67. d6+ 1-0

[Event "World Blitz 2016"]
[Site "Doha QAT"]
[Date "2016.12.30"]
[Round "19.43"]
[White "Howell, David W L"]
[Black "Tregubov, Pavel V."]
[Result "1-0"]
[WhiteTitle "GM"]
[BlackTitle "GM"]
[WhiteElo "2644"]
[BlackElo "2585"]
[WhiteFideId "410608"]
[BlackFideId "4115341"]
[EventDate "2016.12.29"]

1. g3 d5 2. Nf3 Nf6 3. Bg2 Bf5 4. O-O c6 5. d3 e6 6. b3 Be7 7. Bb2 O-O 8. Nbd2
h6 9. c4 a5 10. a3 c5 11. Ne5 Nc6 12. e4 Bh7 13. cxd5 Nxe5 14. Bxe5 exd5 15. Rc1
b6 16. a4 Re8 17. Bb2 Ra7 18. Qe2 Bf8 19. Rfd1 Rd7 20. Bh3 Rb7 21. Bg2 Rd7 22.
e5 d4 23. Nc4 Nd5 24. Re1 Nb4 25. Be4 Bxe4 26. Qxe4 Qb8 27. f4 Qb7 28. Rcd1 Qxe4
29. Rxe4 g6 30. Nxb6 Rb7 31. Nc4 Nc6 32. Nd2 Bg7 33. Ba3 Nb4 34. Bxb4 Rxb4 35.
Rc1 Bf8 36. Kf2 Re6 37. Ke2 Kg7 38. Kd1 h5 39. Kc2 Be7 40. Nc4 Ra6 41. Rf1 Rb8
42. Re2 Rh8 43. f5 gxf5 44. Rxf5 Kg6 45. Ref2 Rh7 46. Nd2 h4 47. g4 h3 48. Ne4
Re6 49. R2f3 Rb6 50. Nf2 Re6 51. Nxh3 Rb6 52. Nf4+ Kg7 53. h3 Bf8 54. Nh5+ Kh8
55. Rxf7 1-0

[Event "World Blitz 2016"]
[Site "Doha QAT"]
[Date "2016.12.30"]
[Round "19.44"]
[White "Jakovenko, Dmitry"]
[Black "Hirneise, Jens"]
[Result "1-0"]
[WhiteTitle "GM"]
[BlackTitle "FM"]
[WhiteElo "2704"]
[BlackElo "2315"]
[WhiteFideId "4122356"]
[BlackFideId "24614734"]
[EventDate "2016.12.29"]

1. Nf3 Nf6 2. g3 g6 3. c4 Bg7 4. Bg2 O-O 5. O-O d6 6. d4 Nc6 7. Nc3 a6 8. Bf4
Rb8 9. Rc1 h6 10. e4 Bg4 11. h3 Bxf3 12. Bxf3 e5 13. dxe5 dxe5 14. Be3 Nd4 15.
Bg2 c5 16. f4 Nd7 17. Nd5 f5 18. Bxd4 exd4 19. e5 Re8 20. Qd3 Nf8 21. g4 Qd7 22.
gxf5 gxf5 23. Kh2 Kh8 24. Bf3 Qf7 25. Qe2 Red8 26. Bh5 Qe6 27. Rg1 b5 28. b3
bxc4 29. bxc4 Rb7 30. Rg2 Rdb8 31. Rcg1 a5 32. Qe1 a4 33. Qa5 Qc6 34. Qe1 Ne6
35. Bg6 Rb2 36. Bxf5 a3 37. Qg3 Rxg2+ 38. Rxg2 Rb2 39. Bc2 Qb7 40. Qg6 Nf8 41.
Qd3 Qf7 42. Bb1 Ng6 43. Qxg6 1-0